00700nam a2200193 a 450000100100000000500170001000800410002704000250006808200180009310000310011124500680014226000400021030000210025059000270027165000380029891000370033695201160037399900170048900004120620201002034715.0130925s1987 dr 000 0 spa d aDO-SdBNPbspacBNPHU a658.15bR696b1 aRodríguez, Danilo92985010aBase para la administración financiera /cDanilo Rodríguez. aSanto Domingo :bDaro Magno,c1987. a219 p. ;c21 cm. aInventariado, 2018/ YL 4aAdministración financiera96342 aValidado. Control de calidad EMS 0010718PDaPDbPDcHDd2013-09-25iLF1l0o658.15 R696bp41206-10r2020-06-25w2020-06-25yLFPDZNo se presta c40696d40696